[Event "GM Playoff"]
[Site "Biel SUI"]
[Date "2007.08.02"]
[Round "10.1"]
[White "Onischuk, Al"]
[Black "Carlsen, M."]
[Result "1/2-1/2"]
[WhiteElo "2685"]
[BlackElo "2680"]
[PlyCount "138"]
[EventDate "2007.07.23"]

1. d4 Nf6 2. c4 e6 3. Nf3 b6 4. g3 Ba6 5. b3 d5 6. Bg2 Bb4+ 7. Bd2 Bxd2+ 8.
Nbxd2 Bb7 9. cxd5 exd5 10. Ne5 O-O 11. O-O c5 12. dxc5 bxc5 13. Rc1 Qe7 14. Nd3
Nbd7 15. Re1 Rfe8 16. Qc2 Rac8 17. Qb2 Ba6 18. Nf4 d4 19. b4 cxb4 20. Qxd4 Nb6
21. Nb3 Rxc1 22. Rxc1 Rd8 23. Qc5 Qxc5 24. Nxc5 Bc4 25. Nfd3 Nfd5 26. Nb7 Rb8
27. Rxc4 Nxc4 28. Bxd5 Nb6 29. Bf3 Na4 30. Nxb4 Nc3 31. e3 a5 32. Na6 Ra8 33.
Nc7 Ra7 34. a3 a4 35. Kf1 Nb1 36. Nb5 Ra6 37. Be2 Rc6 38. Na5 Rc5 39. Bd3 Nxa3
40. Nxa3 Rxa5 41. Bb5 Ra8 42. Ke2 Kf8 43. Kd3 Rc8 44. Nc2 Ra8 45. Na3 Rc8 46.
Nc2 Ra8 47. Bc4 Rb8 48. Kc3 Rb1 49. h4 Rh1 50. Bb5 Rh2 51. f3 Rh3 52. Bxa4 Rxg3
53. Nd4 Rh3 54. Kd3 Rxh4 55. f4 Rh1 56. Ke4 h5 57. Kf3 g6 58. Bb3 Rf1+ 59. Kg2
Rb1 60. Bd5 Kg7 61. e4 Rd1 62. Nf3 f5 63. Ng5 Rd2+ 64. Kg3 fxe4 65. Bxe4 Kf6
66. Nf3 Re2 67. Bd3 Ra2 68. Be4 Ra3 69. Bd5 Rxf3+ 1/2-1/2

[Event "GM Playoff"]
[Site "Biel SUI"]
[Date "2007.08.02"]
[Round "10.2"]
[White "Carlsen, M."]
[Black "Onischuk, Al"]
[Result "1/2-1/2"]
[WhiteElo "2685"]
[BlackElo "2680"]
[PlyCount "108"]
[EventDate "2007.07.23"]

1. d4 Nf6 2. c4 e6 3. Nc3 Bb4 4. Qc2 d5 5. a3 Bxc3+ 6. Qxc3 dxc4 7. Qxc4 b6 8.
Bf4 Nd5 9. Bg3 Ba6 10. Qa4+ Qd7 11. Qc2 Qb5 12. Nf3 Nc6 13. Rc1 Nde7 14. b4 Qh5
15. Qa4 Bb5 16. Qb3 Qd5 17. Qxd5 exd5 18. e3 Bxf1 19. Kxf1 Rc8 20. Ke2 f6 21.
b5 Na5 22. Rxc7 Rxc7 23. Bxc7 Kd7 24. Bg3 Rc8 25. Kd3 Nc4 26. Ra1 Nf5 27. Nh4
Nfd6 28. Bxd6 Nxd6 29. a4 Ne4 30. Ra2 Rc3+ 31. Ke2 Rc4 32. Kd3 Rc3+ 33. Ke2 Rb3
34. Kf3 Nc3 35. Ra1 Rb2 36. Nf5 Ne4 37. Ng3 Rxf2+ 38. Kg4 Rxg2 39. a5 Rxh2 40.
Nxe4 dxe4 41. axb6 axb6 42. Kf5 Rg2 43. Kxe4 Rg5 44. Ra7+ Kc8 45. d5 h5 46.
Ra8+ Kc7 47. Rh8 Kd6 48. Rd8+ Kc5 49. Rc8+ Kxb5 50. d6 Re5+ 51. Kd4 Re6 52. Kd5
Re5+ 53. Kd4 Re6 54. Kd5 Re5+ 1/2-1/2

[Event "GM Playoff"]
[Site "Biel SUI"]
[Date "2007.08.02"]
[Round "10.3"]
[White "Onischuk, Al"]
[Black "Carlsen, M."]
[Result "1/2-1/2"]
[WhiteElo "2685"]
[BlackElo "2680"]
[PlyCount "103"]
[EventDate "2007.07.23"]

1. d4 Nf6 2. c4 c5 3. d5 b5 4. cxb5 a6 5. bxa6 g6 6. Nc3 Bxa6 7. Nf3 d6 8. g3
Bg7 9. Bg2 Nbd7 10. Qc2 Nb6 11. Nd2 Bb7 12. e4 Ba6 13. Bf1 Qc8 14. Bb5+ Bxb5
15. Nxb5 O-O 16. O-O Qh3 17. f3 Nh5 18. Rf2 f5 19. Nc4 Nxc4 20. Qxc4 fxe4 21.
Qxe4 Nf6 22. Qe6+ Qxe6 23. dxe6 Nd5 24. a4 Rfb8 25. Ra3 Nb6 26. b3 c4 27. bxc4
Nxc4 28. Raa2 Nb6 29. Rfc2 Rxa4 30. Bg5 Rxa2 31. Rxa2 Nd5 32. Na7 h6 33. Rd2
hxg5 34. Rxd5 Rb1+ 35. Kg2 Rb2+ 36. Kh3 Bf6 37. Nc6 Re2 38. Nd8 Kg7 39. Ra5 Bd4
40. Nf7 Rxe6 41. Nxg5 Re5 42. Rxe5 Bxe5 43. Kg4 Bb2 44. f4 Kf6 45. Ne4+ Kf7 46.
h4 d5 47. Nf2 Bd4 48. Nd3 Kf6 49. Kf3 e5 50. fxe5+ Bxe5 51. g4 Bd6 52. h5
1/2-1/2

[Event "GM Playoff"]
[Site "Biel SUI"]
[Date "2007.08.02"]
[Round "10.4"]
[White "Carlsen, M."]
[Black "Onischuk, Al"]
[Result "1/2-1/2"]
[WhiteElo "2685"]
[BlackElo "2680"]
[PlyCount "108"]
[EventDate "2007.07.23"]

1. e4 e5 2. Nf3 Nc6 3. Bb5 a6 4. Ba4 Nf6 5. O-O Bc5 6. c3 b5 7. Bb3 d6 8. d3
O-O 9. Nbd2 Be6 10. Re1 Bb6 11. Nf1 Ng4 12. Re2 d5 13. exd5 Bxd5 14. Bxd5 Qxd5
15. h3 e4 16. Ne1 exd3 17. Qxd3 Qxd3 18. Nxd3 Rad8 19. hxg4 Rxd3 20. Be3 Re8
21. Rae1 h6 22. Bxb6 Rxe2 23. Rxe2 cxb6 24. Re8+ Kh7 25. Ra8 a5 26. Ra6 Ne5 27.
Rxb6 Nc4 28. Rxb5 Rd1 29. f3 Ne3 30. Kf2 Nxf1 31. Rxa5 Rb1 32. Rd5 Rxb2+ 33.
Kxf1 Rxa2 34. c4 Rc2 35. c5 f6 36. Ke1 Rxg2 37. Kd1 Ra2 38. c6 Ra8 39. c7 Rc8
40. Rd7 Kg6 41. Ke2 f5 42. Ke3 fxg4 43. fxg4 Kf6 44. Ke4 g6 45. Kd5 Kg5 46. Kd6
Kxg4 47. Rd8 Rxc7 48. Kxc7 h5 49. Rd4+ Kg3 50. Kd6 h4 51. Ke5 h3 52. Rd3+ Kg4
53. Rd2 Kg3 54. Kf6 h2 1/2-1/2

[Event "GM Playoff"]
[Site "Biel SUI"]
[Date "2007.08.02"]
[Round "10.5"]
[White "Onischuk, Al"]
[Black "Carlsen, M."]
[Result "1/2-1/2"]
[WhiteElo "2685"]
[BlackElo "2680"]
[PlyCount "84"]
[EventDate "2007.07.23"]

1. d4 Nf6 2. Nf3 e6 3. c4 c5 4. Nc3 cxd4 5. Nxd4 Bb4 6. g3 O-O 7. Bg2 d5 8.
cxd5 Nxd5 9. Bd2 Bxc3 10. bxc3 e5 11. Nb3 Nc6 12. O-O Nb6 13. Be3 Qc7 14. Qc2
Be6 15. Rfd1 Nc4 16. Bc5 Rfd8 17. Qe4 Rac8 18. f4 f5 19. Qf3 b6 20. Bf2 e4 21.
Qh5 Qf7 22. Qh4 Rxd1+ 23. Rxd1 Nb2 24. Rd6 Nc4 25. Rd1 Nb2 26. Rc1 Na4 27. Nd4
Nxd4 28. Bxd4 Bxa2 29. g4 Be6 30. Rd1 Nb2 31. Ra1 Nc4 32. gxf5 Bxf5 33. Qg5 h6
34. Qg3 Kh7 35. e3 Rc7 36. Kf2 Qg6 37. Qh4 Nb2 38. Bf1 Nd3+ 39. Bxd3 exd3 40.
Rg1 Qxg1+ 41. Kxg1 d2 42. Qh5 Bc2 1/2-1/2